000 00644nam a2200205 a 4500
003 AR-BaBNM
005 20251128203623.0
008 082120s2002 ||||||||||||||000 | spa||
040 _cAR-BaBNM
100 1 _aRuiz, Luis Alberto
245 0 0 _aDiccionario de la literatura universal
_bs-z
_n3
260 _aBuenos Aires
_bRaigal
_c1956
300 _a483 p.
500 _aEn la página 209 incluye un complemento con fragmentos de obras literarias y en la página 463 un apéndice de escritores no incluidos en el cuerpo principal
650 4 _aDICCIONARIOS
650 4 _aLITERATURA
655 _aREFERENCIA
942 _cBK
998 _claura
999 _c4172
_d4172